Oliver Twist. (Record no. 115015)
[ view plain ]
| 000 -LEADER | |
|---|---|
| fixed length control field | 00276nam a2200121 a 4500 |
| 001 - CONTROL NUMBER | |
| control field | 4143 |
| 005 - DATE AND TIME OF LATEST TRANSACTION | |
| control field | 20140414132119.0 |
| 008 - FIXED-LENGTH DATA ELEMENTS--GENERAL INFORMATION | |
| fixed length control field | 090223s19uu xx 00 eng d |
| 050 ## - LIBRARY OF CONGRESS CALL NUMBER | |
| Classification number | M 809.89 |
| Item number | D55 1988 |
| 100 ## - MAIN ENTRY--PERSONAL NAME | |
| Personal name | Dickens, Charles |
| 245 ## - TITLE STATEMENT | |
| Title | Oliver Twist. |
| Withdrawn status | Lost status | Damaged status | Home library | Current library | Shelving location | Date acquired | Source of acquisition | Total Checkouts | Full call number | Barcode | Date last seen | Price effective from | Koha item type |
|---|---|---|---|---|---|---|---|---|---|---|---|---|---|
| Munich Library | Munich Library | Main Section | 11/23/2011 | M 809.89 D55 1988 | M6969 | 04/14/2014 | 04/14/2014 | Books |